[Event "IECG CE.2003.0.00048 email"]
[Site "IECG email"]
[Date "2003.03.04"]
[Round "?"]
[White "Enggist, Peter"]
[Black "Mori, Roberto"]
[Result "1-0"]
[WhiteElo "1321"]
[BlackElo "1235"]
[PlyCount "43"]
[EventDate "2003.03.04"]
[EventType "tourn (corr)"]
[EventRounds "6"]
[SourceTitle "Corr 2008"]
[Source "ChessBase"]
[SourceDate "2008.06.24"]
[SourceVersion "1"]
[SourceVersionDate "2008.06.24"]
[SourceQuality "1"]

1. e4 e5 2. Nf3 Nc6 3. Bb5 d6 4. d4 Bd7 5. Nc3 Nxd4 6. Bxd7+ Qxd7 7. Nxd4 exd4 8. Qxd4 Ne7 9. Be3 Nc6 10. Qa4 Be7 11. Nd5 0-0 12. 0-0-0 Qd8 13. h4 Bxh4 14. Rh3 Bf6 15. g4 Bg5 16. f4 Be7 17. Qb3 Na5 18. Qc3 Nc6 19. g5 f5 20. Rdh1 h6 21. gxh6 Bf6 22. Qb3 1-0

[Event "IECG CE.2003.0.00048 email"]
[Site "IECG email"]
[Date "2003.03.04"]
[Round "?"]
[White "Enggist, Peter"]
[Black "Neighbors, Teddy"]
[Result "1/2-1/2"]
[WhiteElo "1321"]
[BlackElo "1370"]
[PlyCount "105"]
[EventDate "2003.03.04"]
[EventType "tourn (corr)"]
[EventRounds "6"]
[SourceTitle "Corr 2008"]
[Source "ChessBase"]
[SourceDate "2008.06.24"]
[SourceVersion "1"]
[SourceVersionDate "2008.06.24"]
[SourceQuality "1"]

1. e4 e5 2. Nf3 Nc6 3. Bb5 f5 4. Nc3 fxe4 5. Nxe4 d5 6. Nxe5 dxe4 7. Nxc6 bxc6 8. Bxc6+ Bd7 9. Qh5+ Ke7 10. Qe5+ Be6 11. Bxa8 Qxa8 12. Qxc7+ Ke8 13. 0-0 Be7 14. b3 Nf6 15. c4 a6 16. Bb2 Kf7 17. f3 Rd8 18. Bc3 Rd7 19. Qf4 Rd3 20. fxe4 Kg8 21. Rae1 Qa7+ 22. Kh1 Ng4 23. Bxg7 Kxg7 24. h3 Qc5 25. hxg4 Bg5 26. Qb8 Rxd2 27. a3 Bh4 28. b4 Qe7 29. Qe5+ Bf6 30. Qf4 Bg5 31. Qf3 Kg8 32. c5 Bc4 33. c6 Bxf1 34. Rxf1 Rd8 35. a4 Qe6 36. b5 Re8 37. Rb1 axb5 38. axb5 Bd8 39. Qe3 Qd6 40. Qb3+ Kh8 41. Rd1 Qh6+ 42. Qh3 Qg6 43. Qc3+ Kg8 44. Qc4+ Kh8 45. Qd4+ Bf6 46. Qf2 Qh6+ 47. Kg1 Be5 48. g3 Qh3 49. b6 Qxg4 50. Rd5 Qxe4 51. Rxe5 Qxe5 52. c7 h5 53. Kg2 1/2-1/2

[Event "IECG CE.2003.0.00048 email"]
[Site "IECG email"]
[Date "2003.03.04"]
[Round "?"]
[White "Horvath, Daniel"]
[Black "Enggist, Peter"]
[Result "1/2-1/2"]
[WhiteElo "1250"]
[BlackElo "1321"]
[PlyCount "83"]
[EventDate "2003.03.04"]
[EventType "tourn (corr)"]
[EventRounds "6"]
[SourceTitle "Corr 2008"]
[Source "ChessBase"]
[SourceDate "2008.06.24"]
[SourceVersion "1"]
[SourceVersionDate "2008.06.24"]
[SourceQuality "1"]

1. d4 Nf6 2. c4 g6 3. Nc3 Bg7 4. Nf3 d6 5. e4 0-0 6. Be2 c5 7. 0-0 Nbd7 8. d5 a6 9. a4 b6 10. Ne1 Rb8 11. f4 Bb7 12. Nf3 h6 13. Qe1 e6 14. Qh4 Re8 15. Bd3 Nh5 16. Qh3 e5 17. fxe5 Nxe5 18. Nxe5 Bxe5 19. Qf3 Qf6 20. Bxh6 Bc8 21. h3 Qxf3 22. Rxf3 f6 23. g4 g5 24. gxh5 Kh7 25. Raf1 Kxh6 26. Rxf6+ Bxf6 27. Rxf6+ Kxh5 28. Kf2 g4 29. hxg4+ Bxg4 30. Rxd6 Kg5 31. Ke3 Rh8 32. e5 Rh3+ 33. Kd2 Kf4 34. e6 Ke5 35. Rd7 Rf8 36. Rf7 Rxf7 37. exf7 Rh8 38. a5 bxa5 39. Be2 Bxe2 40. Kxe2 Rf8 41. Ke3 Rxf7 42. Na4 1/2-1/2

[Event "IECG QN.2001.0.00178"]
[Site "IECG email"]
[Date "2001.04.30"]
[Round "?"]
[White "Davidson, Allan D"]
[Black "Enggist, Peter"]
[Result "0-1"]
[WhiteElo "800"]
[BlackElo "800"]
[PlyCount "58"]
[EventDate "2001.04.30"]
[EventType "tourn (corr)"]
[EventRounds "6"]
[SourceTitle "Corr 2008"]
[Source "ChessBase"]
[SourceDate "2008.06.24"]
[SourceVersion "1"]
[SourceVersionDate "2008.06.24"]
[SourceQuality "1"]

1. e4 c5 2. Nf3 d6 3. Bc4 Nf6 4. c3 Nxe4 5. d3 Nf6 6. Qb3 e6 7. d4 cxd4 8. cxd4 Be7 9. 0-0 0-0 10. Ng5 Nc6 11. Be3 Na5 12. Qc2 Nxc4 13. Qxc4 Nd5 14. Nc3 Nxe3 15. fxe3 Bxg5 16. Rae1 b6 17. d5 Re8 18. e4 a5 19. dxe6 fxe6 20. Nb5 Ba6 21. Rf3 Qd7 22. a4 Rac8 23. Qd3 Rc5 24. Ref1 Rxb5 25. Rd1 Rd5 26. Qb3 Rxd1+ 27. Qxd1 Qc6 28. Qb3 Qc5+ 29. Kh1 Qc1+ 0-1